000 00902 a2200241 4500
005 20251114112240.0
008 251114b |||||||| |||| 00| 0 eng d
020 _a81876541643 (hbk)
037 _cTB
040 _aCRL
_cCRL
041 _2pun
_apun
084 _aQ8441 153R5
_qCRL
100 _aਕੌਰ, ਅਬਨਾਸ਼ / Kaur, Abnash
_9847651
245 _aਸਿੱਖ ਧਰਮ ਦਾ ਆਰਥਿਕ ਪੱਖ / Sikh Dharam da Arhik pakh
260 _aDelhi, India:
_bਮਨਪ੍ਰੀਤ ਪ੍ਰਕਾਸ਼ਨ / Manpreet Prakashan;
_c2025.
300 _a124p.
365 _b 495.00
_cINR
650 _2Sikh Dharam
650 _2dharam
700 _aਕੌਰ, ਬਿਮਲਦੀਪ
_eco- author
_9851389
942 _cTB
_2CC
_n0
_hQ8441 153R5
999 _c1464628
_d1464628